|
|
|
|
| LEADER |
00000cac a2200000 a 4500 |
| 001 |
75368-9 |
| 003 |
Ucuenca |
| 005 |
20230308211509.0 |
| 008 |
997101|1997 sp |||||r|||||||||||spa|| |
| 020 |
|
|
|a 8449403197
|
| 040 |
|
|
|b spa
|
| 041 |
0 |
|
|a spa
|
| 082 |
0 |
|
|a 709
|
| 245 |
|
|
|a Barroco. I
|c Joan Ramon Triadó Tur; Rosa María Subirana Rubull
|h imp
|
| 264 |
|
|
|a Barcelona
|b Instituto Gallach
|c 1997
|
| 300 |
|
|
|a páginas: 1537-1730
|b ilu
|c 30 cm
|
| 490 |
|
|
|a Historia del Arte
|n v.9
|
| 520 |
3 |
|
|a Del Barroco en Italia, España y Latinoamérica se ocupan En el marco de la contrarreforma y las monarquías absolutas, el siglo XVII asiste a una gran exhibición estética. Un profundo sentido de la originalidad impregna todas las manifestaciones artísticas: se derrochan los efectos buscando impresionar y conmover a los sentidos. El lector encontrará un brillante análisis de la cultura barroca, desde Roma al Nuevo Mundo
|
| 650 |
1 |
|
|a Historia del arte
|9 1410
|
| 650 |
1 |
|
|a Barroco i
|9 201313
|
| 650 |
1 |
|
|a Arte barroco
|9 1422
|
| 650 |
1 |
|
|a Barroco italiano
|9 1797
|
| 650 |
1 |
|
|a Barroco español
|9 1803
|
| 650 |
1 |
|
|a Barroco latinoamericano
|9 51231
|
| 700 |
1 |
|
|a Triadó Tur, Juan Ramón
|9 201309
|
| 700 |
1 |
|
|a Subirana Rebull, Rosa María
|9 201312
|
| 852 |
|
|
|a UC-CDJBV
|f Compra
|l 1
|m Limitada
|p 19971015
|t 75368-9
|y 140456
|b 1
|d CDRC
|e CDRC
|g 709 SEGUNDO PISO
|z 1997-71-01
|
| 942 |
|
|
|c CR
|
| 999 |
|
|
|c 118879
|d 118879
|